000 00537nam a22002297a 4500
003 UA-OsUOA
001 40411
007 ta
008 20060727b un ||||| |||| 00| 0 ukr d
100 _aГуардини Романо
090 _a231
_bГ93
942 _cBK
040 _aUA-OsUOA
_brus
_cUA-OsUOA
_dUA-OsUOA
245 _aГосподь
300 _a816 с.
955 _a1
041 _arus
080 _a231
260 _aБрюссель
_c1995
650 7 _a2 Релігія. Теологія.
_2UDC
999 _c326551
_d326551